Особенности образования терминов и терминологических сочетаний нефтедобывающего оборудования (на примере китайского языка); Молодой ученый; № 10 (90)

Chi tiết về thư mục
Parent link:Молодой ученый: ежемесячный научный журнал.— , 2008-
№ 10 (90).— 2015.— [С. 1447-1450]
Tác giả chính: Хафизова Л. Е. Лейла Ильгамовна
Tác giả của công ty: Национальный исследовательский Томский политехнический университет (ТПУ) Институт международного образования и языковой коммуникации (ИМОЯК)
Tác giả khác: Хоречко У. В. Ульяна Викторовна
Tóm tắt:Заглавие с экрана
Ngôn ngữ:Tiếng Nga
Được phát hành: 2015
Loạt:Филология
Những chủ đề:
Truy cập trực tuyến:http://www.moluch.ru/archive/90/19153/
Định dạng: Điện tử Chương của sách
KOHA link:https://koha.lib.tpu.ru/cgi-bin/koha/opac-detail.pl?biblionumber=642392

MARC

LEADER 00000nla0a2200000 4500
001 642392
005 20250203150058.0
035 |a (RuTPU)RU\TPU\network\7349 
090 |a 642392 
100 |a 20150624d2015 k||y0rusy50 ca 
101 0 |a rus 
102 |a RU 
135 |a drcn ---uucaa 
181 0 |a i  
182 0 |a b 
200 1 |a Особенности образования терминов и терминологических сочетаний нефтедобывающего оборудования (на примере китайского языка)  |f Л. Е. Хафизова, У. В. Хоречко 
203 |a Текст  |c электронный 
225 1 |a Филология 
300 |a Заглавие с экрана 
320 |a [Библиогр.: с. 1450 (10 назв.)] 
461 |t Молодой ученый  |o ежемесячный научный журнал  |d 2008- 
463 |t № 10 (90)  |v [С. 1447-1450]  |d 2015 
610 1 |a электронный ресурс 
610 1 |a труды учёных ТПУ 
610 1 |a терминология 
610 1 |a термины 
610 1 |a китайский язык 
610 1 |a нефтедобывающее оборудование 
700 1 |a Хафизова  |b Л. Е.  |g Лейла Ильгамовна 
701 1 |a Хоречко  |b У. В.  |c лингвист  |c доцент Томского политехнического университета, кандидат филологических наук  |f 1982-  |g Ульяна Викторовна  |3 (RuTPU)RU\TPU\pers\32475  |9 16423 
712 0 2 |a Национальный исследовательский Томский политехнический университет (ТПУ)  |b Институт международного образования и языковой коммуникации (ИМОЯК)  |3 (RuTPU)RU\TPU\col\17810 
801 2 |a RU  |b 63413507  |c 20150624  |g RCR 
856 4 0 |u http://www.moluch.ru/archive/90/19153/ 
942 |c CF